Baby Names: 4 Letter Girl Names by Decade Quiz Stats

Quiz Updated Jan 28, 2013

Also try: Name Dropping II
Challenge
Share
Tweet
Embed
Score 0/130 Timer 08:00
18 Plays Today
% Correct
Mary
87.5%
Mary
87.5%
Mary
87.5%
Mary
87.5%
Mary
87.5%
Mary
87.5%
Mary
87.5%
Mary
87.5%
Mary
87.5%
Mary
87.5%
Mary
87.5%
Mary
87.5%
Mary
87.5%
Anne
86.4%
Anna
78.3%
Anna
78.3%
Anna
78.3%
Anna
78.3%
Anna
78.3%
Anna
78.3%
Anna
78.3%
Anna
78.3%
Anna
78.3%
Jane
77.6%
Jane
77.6%
Jane
77.6%
Sara
76.2%
Sara
76.2%
Sara
76.2%
Sara
76.2%
Emma
68.7%
Emma
68.7%
Emma
68.7%
Emma
68.7%
Emma
68.7%
Emma
68.7%
Lisa
66.2%
Lisa
66.2%
Lisa
66.2%
Lisa
66.2%
Lisa
66.2%
Joan
60.1%
Joan
60.1%
Joan
60.1%
% Correct
Beth
60%
Rose
59%
Rose
59%
Rose
59%
Rose
59%
Rose
59%
Rose
59%
Rose
59%
Rose
59%
Ella
58.4%
Ella
58.4%
Ella
58.4%
Ella
58.4%
Jean
55.4%
Jean
55.4%
Jean
55.4%
Jean
55.4%
Jean
55.4%
Tina
55.1%
Tina
55.1%
Tina
55.1%
June
52.5%
June
52.5%
Ruth
52.2%
Ruth
52.2%
Ruth
52.2%
Ruth
52.2%
Ruth
52.2%
Ruth
52.2%
Ruth
52.2%
Lily
51.3%
Jill
47.9%
Jill
47.9%
Tara
47.3%
Tara
47.3%
Tara
47.3%
Lucy
44.2%
Gina
44.1%
Erin
44.1%
Erin
44.1%
Erin
44.1%
Erin
44.1%
Dana
43.6%
Dana
43.6%
% Correct
Kara
41.1%
Kara
41.1%
Cora
40.7%
Cora
40.7%
Judy
40.5%
Judy
40.5%
Judy
40.5%
Lori
39.6%
Lori
39.6%
Leah
39.4%
Leah
39.4%
Leah
39.4%
Rita
38.5%
Rita
38.5%
Lynn
36.9%
Lynn
36.9%
Lena
36.3%
Lena
36.3%
Lena
36.3%
Ruby
36%
Ruby
36%
Ruby
36%
Ruby
36%
Edna
35.4%
Edna
35.4%
Edna
35.4%
Edna
35.4%
Edna
35.4%
Lois
33.2%
Lois
33.2%
Lois
33.2%
Lois
33.2%
Gail
32.2%
Gail
32.2%
Jade
31.1%
Dawn
30.3%
Dawn
30.3%
Maya
27.9%
Alma
25.1%
Alma
25.1%
Jada
20.4%
Lula
18.2%

You're not logged in!

Compare scores with friends on all Sporcle quizzes.
Sign Up with Email
OR
Log In

You Might Also Like...

Show Comments

Extras

Top Quizzes Today


Score Distribution

Your Account Isn't Verified!

In order to create a playlist on Sporcle, you need to verify the email address you used during registration. Go to your Sporcle Settings to finish the process.